Busiest Sydney Train Stations - Statistics

General Stats
  • This quiz has been taken 10 times
  • The average score is 14 of 25
Answer Stats
Daily Visits Line Station % Correct
38,748 T4 Bondi Junction
89%
155,876 City Circle Central
78%
21,332 L2, L3 Circular Quay (Light Rail)
78%
40,684 City Circle Circular Quay (Train Station)
78%
119,356 City Circle Town Hall
78%
23,620 T4 Kings Cross
67%
65,407 Interchange Martin Place
67%
66,560 Interchange Parramatta
67%
81,411 City Circle Wynyard
67%
59,073 Interchange Chatswood
56%
30,898 T4 Hurstville
56%
39,075 Interchange Redfern
56%
22,698 T1, T5 Blacktown
44%
34,307 T2, T3, T9 Burwood
44%
24,481 L2, L3 Chinatown
44%
25,672 M1, T9 Epping
44%
34,066 M1 Gadigal
44%
24,739 M1 Macquarie University
44%
39,912 Interchange Strathfield
44%
31,915 Interchange Sydenham
44%
28,914 M1 Victoria Cross
44%
22,735 T1, T2 Auburn
33%
21,052 Interchange Lidcombe
33%
26,496 T8 Mascot
33%
26,034 L2, L3 Central Chalmers Street
22%
No matching quizzes found
Score Distribution
Percent of People with Each Score
Percentile by Number Answered
Your Score History
You have not taken this quiz